<?xml version="1.0" encoding="UTF-8"?>
<record
    xmlns:xsi="http://www.w3.org/2001/XMLSchema-instance"
    xsi:schemaLocation="http://www.loc.gov/MARC21/slim http://www.loc.gov/standards/marcxml/schema/MARC21slim.xsd"
    xmlns="http://www.loc.gov/MARC21/slim">

  <leader>02208nam a22001937a 4500</leader>
  <datafield tag="999" ind1=" " ind2=" ">
    <subfield code="c">39066</subfield>
    <subfield code="d">39066</subfield>
  </datafield>
  <datafield tag="020" ind1=" " ind2=" ">
    <subfield code="a">9789388540896</subfield>
  </datafield>
  <datafield tag="082" ind1=" " ind2=" ">
    <subfield code="a">306.60954</subfield>
    <subfield code="b">ODD-S</subfield>
  </datafield>
  <datafield tag="100" ind1=" " ind2=" ">
    <subfield code="a">Oddie, G.A.</subfield>
    <subfield code="e">author.</subfield>
  </datafield>
  <datafield tag="245" ind1=" " ind2=" ">
    <subfield code="a">Social Protest in India:</subfield>
    <subfield code="c">G.A. Oddie </subfield>
  </datafield>
  <datafield tag="260" ind1=" " ind2=" ">
    <subfield code="a">New Delhi:</subfield>
    <subfield code="b">Manohar,</subfield>
    <subfield code="c">1978.</subfield>
  </datafield>
  <datafield tag="300" ind1=" " ind2=" ">
    <subfield code="a">viii, 283p.</subfield>
  </datafield>
  <datafield tag="520" ind1=" " ind2=" ">
    <subfield code="a">"This study of British missionary activity in the later nineteenth century India focuses attention on the missionaries' concern with social issues and involvement in agitation for social reform. With no stake in the Indian social system, the missionaries were sometimes more outspoken than the Hindu reformers in attacking social evils. They were also involved in controversies over the status of Hindu women, in campaigns against European abuse of Indian labour, in temperance campaigns, and in crusades for reform of opium&#x2005;system. In the course of his analysis, the author not only raises questions about the nature and ramifications of the missionary movement itself, but also about the attitude of the educated elite and the nature of the forces opposing&#x2005;reforms&#x2005;within&#x2005;Indian&#x2005;society. What, for instance, were the missionaries' objectives and why, if con&#xAD;version with their ultimate aim, were they so concerned with these social issues? Was their social zeal exogenous in its origin or indigenous? How far were they divided among themselves and why? Again how far did they help to shape Indian views and influence Government policy? What was the relationship between Indian and missionary social reformers? And, what light do the Indian attitudes towards missionary participation in social reform&#x2005;throw&#x2005;on&#x2005;the&#x2005;forces&#x2005;at&#x2005;work&#x2005;within&#x2005;the&#x2005;society? These and other questions are raised and discussed in this volume which should be of considerable interest to historians and other scholars concerned with South Asian society and with the nature and impact of Christian&#x2005;missions&#x2005;in&#x2005;India&#x2005;and&#x2005;elsewhere."</subfield>
  </datafield>
  <datafield tag="546" ind1=" " ind2=" ">
    <subfield code="a">English</subfield>
  </datafield>
  <datafield tag="650" ind1=" " ind2=" ">
    <subfield code="a">Church and social problems</subfield>
    <subfield code="x">History</subfield>
    <subfield code="z">India</subfield>
  </datafield>
  <datafield tag="650" ind1=" " ind2=" ">
    <subfield code="a">Church and social problems</subfield>
    <subfield code="v">Protestant churches</subfield>
    <subfield code="x">History</subfield>
  </datafield>
  <datafield tag="650" ind1=" " ind2=" ">
    <subfield code="a">Social condition</subfield>
    <subfield code="z">India</subfield>
  </datafield>
  <datafield tag="650" ind1=" " ind2=" ">
    <subfield code="a">British Missions</subfield>
    <subfield code="x">History</subfield>
    <subfield code="z">India</subfield>
  </datafield>
  <datafield tag="942" ind1=" " ind2=" ">
    <subfield code="2">ddc</subfield>
    <subfield code="c">BK</subfield>
  </datafield>
  <datafield tag="952" ind1=" " ind2=" ">
    <subfield code="0">0</subfield>
    <subfield code="1">0</subfield>
    <subfield code="4">0</subfield>
    <subfield code="7">0</subfield>
    <subfield code="a">NASSDOC</subfield>
    <subfield code="b">NASSDOC</subfield>
    <subfield code="d">2024-03-21</subfield>
    <subfield code="e">Rajasthani Granthagar</subfield>
    <subfield code="g">862.79</subfield>
    <subfield code="i">2024-03-18</subfield>
    <subfield code="l">0</subfield>
    <subfield code="o">306.60954 ODD-S</subfield>
    <subfield code="p">54098</subfield>
    <subfield code="r">2024-04-22 00:00:00</subfield>
    <subfield code="v">1195.00</subfield>
    <subfield code="w">2024-03-18</subfield>
    <subfield code="y">BK</subfield>
  </datafield>
</record>
